Normal view
MARC view
Entry Topical Term
001 - CONTROL NUMBER
- control field: 45863
003 - CONTROL NUMBER IDENTIFIER
- control field: ARRUPE
005 - DATE AND TIME OF LATEST TRANSACTION
- control field: 20190423155131.0
008 - FIXED-LENGTH DATA ELEMENTS
- fixed length control field: 190423|| aca||aabn | a|a d
040 ## - CATALOGING SOURCE
- Original cataloging agency: ARRUPE
- Transcribing agency: ARRUPE
150 ## - HEADING--TOPICAL TERM
- Topical term or geographic name as entry element: Metaphysics
670 ## - SOURCE DATA FOUND
- Source citation: Work cat.: (ARRUPE): Miller, Berry 45862, From existence to God , c1992.